000
00306nam a22001337a 4500
008
170707b xxu||||| |||| 00| 0 eng d
020
_a
9780802074164
041
_a
eng
080
_a
82
100
_a
22
101
_a
GJL
245
_a
A CRITICAL AND CULTURAL THEORY READER
_c
EASTHOPE,A
942
_2
udc
_c
BK
999
_c
20038
_d
20038